000 00618nam a2200217 a 4500
001 BRCA_6524
005 20190320205505.0
008 280911s1925----gw-ab#####---#000-0#ger-#
041 _ager
044 _agw
050 4 _aG1019
_b.P47 1925
245 1 0 _aJustus Perthes
_bSee-atlas
_cJustus Perthes; mit nautischen Erläuterungen neu bearbeitet von Kapitän L. Schubart.
250 _a12
260 _aGotha
_bJustus Perthes
_c1925
300 _a52 p.
_bil. (algunas a color), mapas
_c17 cm.
500 _aL62
650 1 4 _aAtlas
_916281
700 1 _aScubart, Ludwig
_eed.
_916282
902 _aGFM
942 _2lcc
_cB
999 _c6208
_d6208